01444nam a2200301 i 4500001001000000003000900010005001700019007000300036008004100039040003000080082001700110100005200127245009700179250002200276264005300298300004500351336002700396337003300423338002800456500006300484590002600547700004700573942001400620952012200634952012800756952024100884999001701125000044307DO-SdBNP20241025151849.0ta140613s2004 dr a 000 0 spa d aDO-SdBNPbspacBNPHUerda 4axxxbxxx2221 aCamarena Gómez, Germán,eautor4aut.94629713aEl cupey :bhistoria y desarrollo /cGermán Camarena Gómez ; prólogo, Oscar Hungría. aPrimera edición 4aSanto Domingo :beditor no identificado,c@2004. a103 páginas :bilustraciones ;c21 cm. atextobtxt2rdacontent asin mediaciónbn2rdamedia avolumenbnc2rdacarrier aIncluye datos biográficos del autor en la contracubierta aInventariado, 2024/BT1 aHungría, Oscar,eprologuista4pr.972313 2ddccLBS1 00102ddc51708PDaBNPHUbBNPHUcCTd2014-06-13l0oBNPHU PD p44307-10r2020-06-25w2020-06-25yLBS1ZNo se presta 00102ddc51708PDaBNPHUbBNPHUcCTd2014-06-13l0oBNPHU PD p44307-20r2020-06-25te. 2w2020-06-25yLBS1ZNo se presta 00102ddc56708DSaBNPHUbBNPHUcCTd2024-10-25eDonado por la Presidencia de la República Dominicana 2023.l0oBNPHU DS p2024-6167r2024-10-25te.3w2024-10-25yLBS1zPerteneció a la biblioteca personal de Emilio Cordero Michel. c43796d43796